| 000 | 00609nam a2200193Ia 4500 | ||
|---|---|---|---|
| 008 | 140110s9999 xx 000 0 und d | ||
| 020 |
_a9780070667600 _cRs.199.00 |
||
| 040 | _aLoreto College | ||
| 041 | _aEnglish | ||
| 082 |
_a005.13(C)/INS _bLCLIB/47386 |
||
| 245 |
_aProgramming and problem solving using C _cInstructional Software Research and Development(ISRD Group) |
||
| 260 |
_aNew Delhi _bTata McGraw-Hill _c2008 |
||
| 300 |
_axvi,293p _c22cm |
||
| 504 | _aIncludes index | ||
| 650 | _aC Programming language | ||
| 651 | _aProgramming languages | ||
| 850 | _aLCLIB/005.13(C)/INS | ||
| 942 | _cBK | ||
| 999 |
_c35860 _d86339 |
||